Statistics for KPOP

Click here to take the quiz!

General Stats

  • This quiz has been taken 229 times
  • The average score is 5 of 15

Answer Stats

HintAnswer% Correct
GroupBTS
98%
GroupBLACKPINK
85%
GroupTwice
79%
GroupEXO
77%
GroupRed Velvet
52%
SoloIU
41%
GroupNCT
40%
GroupBtoB
15%
GroupWanna One
13%
SoloHeize
4%
SoloGummy
1%
SoloSuran
1%
SoloIm Chang Jung
0%
SoloJong Shin Yoon
0%
SoloShin Yong Jae
0%

Score Distribution

Percentile by Number Answered

Percent of People with Each Score

Your Score History

You have not taken this quiz